000
00206 a2200097 4500
001
13728
100
_a
Diamond, W
245
_a
This Guy Marcians
260
_a
London
_b
Sidney Press
_c
090
_c
10723
_d
10723
942
_a
NUST-CAE
_c
M
_c
807
999
_c
248801
_d
248801